[Event "GBR-ch73"]
[Site "Southampton"]
[Date "1986.08.02"]
[Round "6"]
[White "Hodgson, Julian M"]
[Black "Le Blancq, Simon"]
[Result "1-0"]
[WhiteElo "2500"]
[BlackElo "2270"]
[PlyCount "89"]
[EventDate "1986.07.28"]
[EventType "swiss"]
[EventRounds "11"]
[EventCountry "GBR"]
[SourceTitle "BritBase"]
[Source "John Saunders"]
[SourceDate "2020.09.07"]
[SourceVersion "1"]
[SourceVersionDate "2020.09.07"]
[SourceQuality "2"]

1. e4 e5 2. Bc4 Nf6 3. d3 Nc6 4. Nf3 Bc5 5. Bb3 O-O 6. O-O d6 7. c3 Be6 8. Bg5
h6 9. Bh4 Bb6 10. Nbd2 Qe7 11. Nc4 Na5 12. Nxa5 Bxa5 13. Bc2 c6 14. d4 Bc7 15.
h3 Rad8 16. Qe2 Bc8 17. Rad1 Rfe8 18. Rfe1 a6 19. b4 b5 20. a4 Bd7 21. axb5
axb5 22. c4 bxc4 23. Qxc4 Rb8 24. Bxf6 gxf6 25. d5 c5 26. bxc5 dxc5 27. Rb1
Rxb1 28. Rxb1 Rb8 29. Rxb8+ Bxb8 30. Ba4 Bc8 31. Nh4 Bd6 32. Bd1 f5 33. g3 fxe4
34. Qxe4 Bxh3 35. Bg4 Bxg4 36. Qxg4+ Qg5 37. Qc8+ Kh7 38. Nf5 Qg4 39. Nxd6 Qd1+
40. Kh2 Qxd5 41. Qf5+ Kg7 42. Ne8+ Kf8 43. Nf6 Qd4 44. Nd7+ Ke7 45. Nxe5 1-0

[Event "GBR-ch73"]
[Site "Southampton"]
[Date "1986.08.02"]
[Round "6"]
[White "Lawton, Geoffrey W"]
[Black "Anagnostopoulos, Dimitri"]
[Result "1-0"]
[WhiteElo "2365"]
[BlackElo "2255"]
[PlyCount "85"]
[EventDate "1986.07.28"]
[EventType "swiss"]
[EventRounds "11"]
[EventCountry "GBR"]
[SourceTitle "BritBase"]
[Source "John Saunders"]
[SourceDate "2020.09.07"]
[SourceVersion "1"]
[SourceVersionDate "2020.09.07"]
[SourceQuality "2"]

1. e4 c5 2. Nf3 d6 3. d4 cxd4 4. Nxd4 Nf6 5. Nc3 a6 6. Be3 e5 7. Nf3 h6 8. Bc4
Qc7 9. Nd2 Be7 10. a4 Be6 11. Nd5 Bxd5 12. Bxd5 Nxd5 13. exd5 O-O 14. O-O Nd7
15. Qe2 f5 16. f3 Rf7 17. c4 g5 18. a5 Rg7 19. g4 Rf8 20. gxf5 Rxf5 21. Ne4
Rff7 22. b4 Nf6 23. Kh1 Qd7 24. Qg2 g4 25. Ng3 gxf3 26. Qxf3 Ng4 27. Qe4 Nxe3
28. Qxe3 Qh3 29. Rxf7 Rxf7 30. c5 Bg5 31. Qe2 Bf4 32. Rg1 Rg7 33. Ne4 dxc5 34.
bxc5 Qb3 35. Rd1 Qh3 36. Rg1 Qb3 37. Rd1 Qh3 38. Rd3 Qh4 39. Qf2 Qd8 40. d6
Qxa5 41. Rd1 Qa4 42. Qe2 Qc6 43. d7 1-0

[Event "GBR-ch73"]
[Site "Southampton"]
[Date "1986.08.02"]
[Round "6"]
[White "Motwani, Paul"]
[Black "Hennigan, Michael"]
[Result "0-1"]
[WhiteElo "2355"]
[BlackElo "2225"]
[PlyCount "106"]
[EventDate "1986.07.28"]
[EventType "swiss"]
[EventRounds "11"]
[EventCountry "GBR"]
[SourceTitle "BritBase"]
[Source "John Saunders"]
[SourceDate "2020.09.07"]
[SourceVersion "1"]
[SourceVersionDate "2020.09.07"]
[SourceQuality "2"]

1. e4 Nf6 2. e5 Nd5 3. d4 d6 4. Nf3 g6 5. Bc4 Nb6 6. Bb3 Bg7 7. Ng5 d5 8. f4 f6
9. Nf3 a5 10. c3 Na6 11. O-O O-O 12. Bc2 c5 13. dxc5 Nxc5 14. Be3 Ne6 15. Na3
fxe5 16. fxe5 Bd7 17. Qe2 Rc8 18. Rad1 Bc6 19. h4 Nd7 20. Nd4 Rxf1+ 21. Rxf1
Nec5 22. h5 Nxe5 23. hxg6 hxg6 24. Nf3 Ne4 25. Nxe5 Bxe5 26. Qg4 Kg7 27. Qe6
Bf6 28. Bd4 Qd7 29. Qxd7 Bxd7 30. Rd1 Bxd4+ 31. Rxd4 Nf6 32. Rd2 e5 33. Bb3 Bc6
34. Re2 Re8 35. Nb1 Ne4 36. Bc2 Nc5 37. Rd2 e4 38. Na3 Kf6 39. b4 axb4 40. cxb4
e3 41. Re2 Na4 42. Re1 Nc3 43. Bb3 d4 44. Nc2 Rd8 45. Nxe3 dxe3 46. Rxe3 Nd5
47. Rd3 b5 48. Kf2 Ke5 49. Kg3 Ra8 50. Bxd5 Bxd5 51. a3 Bc4 52. Rf3 Kd4 53. Kh4
Bd3 0-1

[Event "GBR-ch73"]
[Site "Southampton"]
[Date "1986.08.02"]
[Round "6"]
[White "Nicholson, John G"]
[Black "Lyell, Mark"]
[Result "1-0"]
[WhiteElo "2295"]
[BlackElo "2030"]
[PlyCount "64"]
[EventDate "1986.07.28"]
[EventType "swiss"]
[EventRounds "11"]
[EventCountry "GBR"]
[SourceTitle "BritBase"]
[Source "John Saunders"]
[SourceDate "2020.09.07"]
[SourceVersion "1"]
[SourceVersionDate "2020.09.07"]
[SourceQuality "2"]

1. e4 e5 2. Nf3 Nc6 3. Bb5 f5 4. Nc3 fxe4 5. Nxe4 Nf6 6. d3 d5 7. Ng3 Bd6 8. c4
O-O 9. cxd5 Nd4 10. Nxd4 exd4 11. Bd2 Nxd5 12. Bc4 c6 13. Ne4 Bf5 14. Qe2 Kh8
15. O-O-O b5 16. Bxd5 cxd5 17. Nxd6 Qxd6 18. f4 Qg6 19. Qf2 Rac8+ 20. Kb1 Bxd3+
21. Ka1 Bc2 22. Rde1 Qb6 23. Bb4 Rf6 24. Qxc2 Rfc6 25. Qd2 h6 26. Rc1 Qc7 27.
Rxc6 Qxc6 28. a3 Qc4 29. Rd1 d3 30. Qxd3 Qxf4 31. Qxd5 Qxh2 32. Bc3 a6 1-0

[Event "GBR-ch73"]
[Site "Southampton"]
[Date "1986.08.02"]
[Round "6"]
[White "Ravikumar, Vaidyanathan"]
[Black "Smith, Alan A"]
[Result "0-1"]
[WhiteElo "2345"]
[BlackElo "2280"]
[PlyCount "147"]
[EventDate "1986.07.28"]
[EventType "swiss"]
[EventRounds "11"]
[EventCountry "GBR"]
[SourceTitle "BritBase"]
[Source "John Saunders"]
[SourceDate "2020.09.07"]
[SourceVersion "1"]
[SourceVersionDate "2020.09.07"]
[SourceQuality "2"]

1. d4 g6 2. c4 Bg7 3. Nc3 d6 4. Nf3 Bg4 5. e3 Nf6 6. Be2 O-O 7. h3 Bxf3 8. Bxf3
Nc6 9. O-O Nd7 10. Rb1 e5 11. d5 Ne7 12. e4 f5 13. b4 b6 14. Rb3 a5 15. a3 Rf7
16. Bd2 axb4 17. axb4 fxe4 18. Nxe4 h6 19. g4 Qf8 20. Bg2 Kh7 21. Be3 Nf6 22.
Ng3 Nd7 23. Be4 Bf6 24. Qd2 Bh4 25. Ne2 Qg7 26. Nc3 Nf5 27. Nb5 Nxe3 28. Qxe3
Nf6 29. Bg2 Raf8 30. Rb2 Bg5 31. Qe2 h5 32. Ra2 hxg4 33. hxg4 Bf4 34. Ra3 Rh8
35. Rfa1 Kh6 36. c5 bxc5 37. bxc5 dxc5 38. d6 cxd6 39. Nxd6 Rd7 40. Nc4 Qe7 41.
Rh3+ Kg7 42. Re1 Rxh3 43. Bxh3 Rd4 44. Bg2 e4 45. Ne3 Bxe3 46. fxe3 Rd5 47. Rf1
Qe5 48. Qf2 Qg5 49. Bxe4 Qxg4+ 50. Bg2 Rf5 51. Qc2 Rxf1+ 52. Kxf1 Qb4 53. e4
Qd4 54. Qe2 Nd7 55. Qg4 Ne5 56. Qe6 Qc4+ 57. Qxc4 Nxc4 58. Ke2 Ne5 59. Ke3 Kf6
60. Bf1 g5 61. Be2 Ke6 62. Kd2 Kd6 63. Kc3 Kc6 64. Kd2 Kb6 65. Kc3 Ka5 66. Bd1
Kb5 67. Be2+ Ka5 68. Bd1 g4 69. Be2 g3 70. Bf1 c4 71. Bh3 Kb5 72. Kd2 Kb4 73.
Bf1 Kb3 74. Bxc4+ 0-1

[Event "GBR-ch73"]
[Site "Southampton"]
[Date "1986.08.02"]
[Round "6"]
[White "Ravisekhar, Raja"]
[Black "Quillan, Gary"]
[Result "1/2-1/2"]
[WhiteElo "2395"]
[BlackElo "2010"]
[PlyCount "144"]
[EventDate "1986.07.28"]
[EventType "swiss"]
[EventRounds "11"]
[EventCountry "GBR"]
[SourceTitle "BritBase"]
[Source "John Saunders"]
[SourceDate "2020.09.07"]
[SourceVersion "1"]
[SourceVersionDate "2020.09.07"]
[SourceQuality "2"]

1. d4 e6 2. Nf3 Nf6 3. c4 c5 4. d5 exd5 5. cxd5 d6 6. Nc3 g6 7. g3 Bg7 8. Bg2
O-O 9. O-O Re8 10. Nd2 a6 11. a4 Nbd7 12. h3 Rb8 13. Nc4 Ne5 14. Na3 Nh5 15.
Kh2 Bd7 16. Ne4 Qc7 17. Bd2 b5 18. axb5 axb5 19. b4 c4 20. Nc2 f5 21. Nc3 Ra8
22. Rxa8 Rxa8 23. Be3 Qd8 24. f4 Nf7 25. Bd4 Nf6 26. Qd2 h6 27. Ra1 Rxa1 28.
Nxa1 Qe7 29. Nc2 g5 30. Bf3 Nh8 31. e3 Ng6 32. Kg1 Kh7 33. Kf2 g4 34. Bg2 Nh5
35. hxg4 Nxg3 36. Kxg3 Qh4+ 37. Kf3 Qh2 38. Ne1 fxg4+ 39. Kf2 g3+ 40. Kf1 Bh3
41. Nf3 Nxf4 42. exf4 Qh1+ 43. Ng1 Bxd4 44. Qxd4 Qxg2+ 45. Ke1 Qf1+ 46. Kd2 Bg4
47. Qe4+ Kh8 48. Qe3 g2 49. f5 h5 50. Nxb5 Qd1+ 51. Kc3 Qa1+ 52. Kxc4 Qf1+ 53.
Kc3 Qxb5 54. Qh6+ Kg8 55. Qg6+ Kh8 56. f6 Qd7 57. b5 Bf5 58. Qxh5+ Kg8 59. Qg5+
Kf8 60. Qh6+ Kg8 61. Qg5+ Kf8 62. Qxg2 Qa7 63. Qg7+ Qxg7 64. fxg7+ Kxg7 65. Nf3
Kf7 66. Kb4 Ke7 67. Nd2 Bc8 68. Ka5 Bb7 69. Kb6 Bxd5 70. Kc7 Ke6 71. b6 Ke5 72.
Nc4+ Kd4 1/2-1/2

[Event "GBR-ch73"]
[Site "Southampton"]
[Date "1986.08.02"]
[Round "6"]
[White "Teichmann, Erik OMC"]
[Black "Varley, Peter"]
[Result "0-1"]
[WhiteElo "2310"]
[BlackElo "2210"]
[PlyCount "82"]
[EventDate "1986.07.28"]
[EventType "swiss"]
[EventRounds "11"]
[EventCountry "GBR"]
[SourceTitle "BritBase"]
[Source "John Saunders"]
[SourceDate "2020.09.07"]
[SourceVersion "1"]
[SourceVersionDate "2020.09.07"]
[SourceQuality "2"]

1. b4 c6 2. c4 d5 3. e3 e6 4. Bb2 Nf6 5. b5 Be7 6. Nf3 O-O 7. a4 a5 8. Be2 cxb5
9. axb5 dxc4 10. Na3 c3 11. Bxc3 Ne4 12. Bb2 Nd7 13. O-O Bf6 14. d4 Be7 15. Nc4
Nd6 16. Ncd2 b6 17. Bd3 Bb7 18. Qb1 f5 19. Re1 Nf6 20. Ne5 Qe8 21. Qc2 Bd5 22.
Qa4 Nfe4 23. Ndc4 Nxc4 24. Nxc4 Bh4 25. Re2 Qg6 26. Ne5 Qh6 27. Bxe4 fxe4 28.
Ba3 Rfc8 29. Rc2 Qh5 30. Rac1 Qe8 31. Bd6 h6 32. Nc4 Qd8 33. Be5 Be7 34. Nd2
Bb4 35. Nf1 Rxc2 36. Rxc2 Rc8 37. Ng3 Qd7 38. Nh5 Bf8 39. Rxc8 Qxc8 40. h3 Qc1+
41. Kh2 Qb1 0-1

[Event "GBR-ch73"]
[Site "Southampton"]
[Date "1986.08.02"]
[Round "6"]
[White "Thipsay, Praveen Mahadeo"]
[Black "Allen, Keith"]
[Result "1-0"]
[WhiteElo "2375"]
[BlackElo "2225"]
[PlyCount "63"]
[EventDate "1986.07.28"]
[EventType "swiss"]
[EventRounds "11"]
[EventCountry "GBR"]
[SourceTitle "BritBase"]
[Source "John Saunders"]
[SourceDate "2020.09.07"]
[SourceVersion "1"]
[SourceVersionDate "2020.09.07"]
[SourceQuality "2"]

1. e4 c5 2. Nf3 d6 3. d4 cxd4 4. Nxd4 Nf6 5. Nc3 a6 6. Bg5 e6 7. f4 Qb6 8. Nb3
Be7 9. Qf3 Nc6 10. O-O-O h6 11. Bh4 g5 12. Bf2 Qc7 13. g3 Bd7 14. Bg2 Rc8 15.
Qe2 b5 16. Kb1 Rg8 17. Bf3 Kf8 18. Rhe1 Be8 19. e5 dxe5 20. fxe5 Nd7 21. Bxc6
Qxc6 22. Bd4 Nb6 23. Ne4 Nc4 24. Rf1 Rg6 25. Nbc5 Rd8 26. c3 Rd5 27. Nd3 a5 28.
h4 b4 29. hxg5 bxc3 30. Nf4 c2+ 31. Qxc2 Nxe5 32. Bxe5 1-0

[Event "GBR-ch73"]
[Site "Southampton"]
[Date "1986.08.02"]
[Round "6"]
[White "Townsend, M Paul"]
[Black "Ward, Christopher"]
[Result "1/2-1/2"]
[WhiteElo "2220"]
[BlackElo "2315"]
[PlyCount "82"]
[EventDate "1986.07.28"]
[EventType "swiss"]
[EventRounds "11"]
[EventCountry "GBR"]
[SourceTitle "BritBase"]
[Source "John Saunders"]
[SourceDate "2020.09.07"]
[SourceVersion "1"]
[SourceVersionDate "2020.09.07"]
[SourceQuality "2"]

1. Nf3 Nf6 2. c4 e6 3. g3 c5 4. Bg2 a6 5. O-O Be7 6. Nc3 O-O 7. d4 cxd4 8. Nxd4
Qc7 9. Qd3 d6 10. b3 Bd7 11. Bb2 Nc6 12. Rac1 Rfd8 13. Nd5 exd5 14. cxd5 Ne5
15. Rxc7 Nxd3 16. exd3 Rab8 17. Nc6 bxc6 18. dxc6 Rdc8 19. Ra7 Bxc6 20. Rxe7
Nd5 21. Re2 Nb4 22. Bxc6 Rxc6 23. Ba3 Nxd3 24. Rd1 Nc5 25. Red2 Ne4 26. Rd4 f5
27. Bxd6 Rd8 28. Be5 Rxd4 29. Rxd4 Rc1+ 30. Kg2 Rc2 31. Ra4 Nxf2 32. Bd4 Ng4+
33. Kf3 Nxh2+ 34. Kf4 Rc6 35. Kxf5 Nf3 36. Ba1 Kf7 37. Rf4 Ne1 38. Rd4 Nc2 39.
Rd7+ Ke8 40. Rd1 Nxa1 41. Rxa1 Rc3 1/2-1/2

[Event "GBR-ch73"]
[Site "Southampton"]
[Date "1986.08.02"]
[Round "6"]
[White "Walker, David"]
[Black "Carr, Neil L"]
[Result "0-1"]
[WhiteElo "2255"]
[BlackElo "2305"]
[PlyCount "100"]
[EventDate "1986.07.28"]
[EventType "swiss"]
[EventRounds "11"]
[EventCountry "GBR"]
[SourceTitle "BritBase"]
[Source "John Saunders"]
[SourceDate "2020.09.07"]
[SourceVersion "1"]
[SourceVersionDate "2020.09.07"]
[SourceQuality "2"]

1. d4 g6 2. c4 Bg7 3. Nc3 d6 4. e4 Nf6 5. f3 O-O 6. Be3 Nc6 7. Nge2 a6 8. Qd2
Rb8 9. Nc1 e5 10. d5 Nd4 11. N1e2 c5 12. dxc6 Nxc6 13. Rd1 Be6 14. Nc1 Nd4 15.
Nb3 b5 16. Nxd4 exd4 17. Bxd4 bxc4 18. Be2 Qc7 19. O-O Qb7 20. Rf2 Rfd8 21. Nd5
Bxd5 22. exd5 Rdc8 23. Bf1 Qxd5 24. Bc3 Qxd2 25. Rfxd2 d5 26. g3 h5 27. Be5 Rb5
28. b3 Rbc5 29. bxc4 dxc4 30. Bc3 Kh7 31. Bb4 Rb5 32. Bc3 Rbc5 33. Bb4 R5c6 34.
Rc2 c3 35. Rd3 Ng8 36. a3 Nh6 37. Bh3 R8c7 38. f4 Rc4 39. Bd6 R7c6 40. Bb4 Ng4
41. Bg2 Rd4 42. Bxc6 Rxd3 43. Bc5 Bf8 44. Bb6 Bxa3 45. h3 Rxg3+ 46. Bg2 Ne3 47.
Rxc3 Rxg2+ 48. Kh1 Rg3 49. Bxe3 Bc5 50. Rxc5 Rxh3+ 0-1

[Event "GBR-ch73"]
[Site "Southampton"]
[Date "1986.08.04"]
[Round "7"]
[White "Anagnostopoulos, Dimitri"]
[Black "Emms, John"]
[Result "1-0"]
[WhiteElo "2255"]
[BlackElo "2305"]
[PlyCount "82"]
[EventDate "1986.07.28"]
[EventType "swiss"]
[EventRounds "11"]
[EventCountry "GBR"]
[SourceTitle "BritBase"]
[Source "John Saunders"]
[SourceDate "2020.09.07"]
[SourceVersion "1"]
[SourceVersionDate "2020.09.07"]
[SourceQuality "2"]

1. e4 e6 2. d4 d5 3. Nd2 Nf6 4. e5 Nfd7 5. c3 c5 6. Bd3 Nc6 7. Ne2 cxd4 8. cxd4
f6 9. Nf4 Nxd4 10. Qh5+ Ke7 11. exf6+ Nxf6 12. Ng6+ hxg6 13. Qxh8 Kf7 14. Qh4
e5 15. Nf3 e4 16. Nxd4 Bb4+ 17. Bd2 Bxd2+ 18. Kxd2 Qa5+ 19. Kd1 exd3 20. Nb3
Qc7 21. Rc1 Qe5 22. Re1 Qxb2 23. Qd4 Qxa2 24. Rc7+ Bd7 25. Qxd3 Rc8 26. Rxb7
Kg8 27. Re7 Bf5 28. Rxg7+ Kh8 29. Qd4 Qb1+ 30. Ke2 Qe4+ 31. Qxe4 dxe4 32. Rgc7
Rd8 33. Rxa7 Bg4+ 34. f3 exf3+ 35. gxf3 Be6 36. Nc5 Bc4+ 37. Kf2 Re8 38. Re7
Rc8 39. Ne4 Nd5 40. Rh7+ Kg8 41. Nd6 Rc7 1-0

[Event "GBR-ch73"]
[Site "Southampton"]
[Date "1986.08.04"]
[Round "7"]
[White "Allen, Keith"]
[Black "Conquest, Stuart"]
[Result "0-1"]
[WhiteElo "2225"]
[BlackElo "2430"]
[PlyCount "70"]
[EventDate "1986.07.28"]
[EventType "swiss"]
[EventRounds "11"]
[EventCountry "GBR"]
[SourceTitle "BritBase"]
[Source "John Saunders"]
[SourceDate "2020.09.07"]
[SourceVersion "1"]
[SourceVersionDate "2020.09.07"]
[SourceQuality "2"]

1. d4 Nf6 2. c4 d6 3. Nc3 Nbd7 4. e4 e5 5. Nf3 Be7 6. g3 O-O 7. Bg2 c6 8. O-O
a6 9. a4 a5 10. h3 Re8 11. d5 Nc5 12. Ne1 Qb6 13. Nd3 Nb3 14. Be3 c5 15. Ra3
Nd4 16. Nb5 g6 17. Bg5 Nxd5 18. Bxe7 Nxe7 19. f4 f6 20. g4 Be6 21. b3 Kh8 22.
g5 fxg5 23. fxe5 dxe5 24. Nxe5 Kg8 25. Ra2 Rad8 26. Rd2 Nec6 27. Ng4 Bxg4 28.
Qxg4 Nxb5 29. axb5 Rxd2 30. bxc6 Qxc6 31. Qxg5 Qd6 32. Rf6 Rd1+ 33. Bf1 Qd4+
34. Kh2 Qd2+ 35. Bg2 Qxg5 0-1

[Event "GBR-ch73"]
[Site "Southampton"]
[Date "1986.08.04"]
[Round "7"]
[White "Bowden, Karl"]
[Black "Townsend, M Paul"]
[Result "1-0"]
[WhiteElo "2340"]
[BlackElo "2220"]
[PlyCount "113"]
[EventDate "1986.07.28"]
[EventType "swiss"]
[EventRounds "11"]
[EventCountry "GBR"]
[SourceTitle "BritBase"]
[Source "John Saunders"]
[SourceDate "2020.09.07"]
[SourceVersion "1"]
[SourceVersionDate "2020.09.07"]
[SourceQuality "2"]

1. e4 e5 2. Bc4 Nf6 3. d3 Nc6 4. Nf3 h6 5. O-O d6 6. c3 g6 7. Nbd2 Bg7 8. a4
O-O 9. a5 a6 10. Qb3 Nh7 11. Re1 Qf6 12. Nf1 Nd8 13. Ne3 c6 14. d4 Ng5 15. Nxg5
hxg5 16. d5 Qe7 17. Qc2 Bh6 18. f3 Kg7 19. Bd3 g4 20. Nxg4 Bxc1 21. Qxc1 Bxg4
22. fxg4 c5 23. g5 Rh8 24. Qe3 f6 25. gxf6+ Qxf6 26. Qg3 Nf7 27. Rf1 Qh4 28.
Qxh4 Rxh4 29. Rf2 Rf4 30. g3 Rxf2 31. Kxf2 Nh6 32. Be2 Ng8 33. Ra3 Rd8 34. Rb3
Rd7 35. Bg4 Rc7 36. Ke3 Kf8 37. h4 Ke7 38. Ra3 Kd8 39. Be6 Nf6 40. Ra1 Nh5 41.
Rf1 Ke8 42. b3 Rh7 43. Rf3 Ke7 44. Bc8 Ke8 45. Bg4 Ke7 46. Bxh5 Rxh5 47. c4 Rh8
48. Kf2 Rh7 49. Kg2 Rh8 50. Kg1 Rh7 51. Kf1 Rh6 52. Ke1 Rh8 53. Ke2 Rh7 54. Ke3
Rh8 55. Kf2 Rh7 56. Kf1 Rh6 57. Kg2 1-0

[Event "GBR-ch73"]
[Site "Southampton"]
[Date "1986.08.04"]
[Round "7"]
[White "Carr, Neil L"]
[Black "Hebden, Mark L"]
[Result "1/2-1/2"]
[WhiteElo "2305"]
[BlackElo "2440"]
[PlyCount "125"]
[EventDate "1986.07.28"]
[EventType "swiss"]
[EventRounds "11"]
[EventCountry "GBR"]
[SourceTitle "BritBase"]
[Source "John Saunders"]
[SourceDate "2020.09.07"]
[SourceVersion "1"]
[SourceVersionDate "2020.09.07"]
[SourceQuality "2"]

1. e4 e5 2. Bc4 Nf6 3. d3 Nc6 4. Nc3 Bb4 5. Bg5 h6 6. Bxf6 Qxf6 7. Nge2 Ne7 8.
O-O g5 9. Nd5 Nxd5 10. exd5 O-O 11. d4 d6 12. c3 Ba5 13. dxe5 dxe5 14. Ng3 Bb6
15. Qe2 Bd7 16. Bd3 Rae8 17. Qe4 Qg7 18. Nf5 Bxf5 19. Qxf5 e4 20. Bxe4 Re5 21.
Qf3 g4 22. Qf4 Qg5 23. Qxg5+ hxg5 24. Bd3 Rxd5 25. Rad1 Re5 26. Rfe1 Rxe1+ 27.
Rxe1 Rd8 28. Rd1 Rd6 29. g3 Rf6 30. Rd2 Kg7 31. Bc2 Bc5 32. a3 Rd6 33. Rxd6
Bxd6 34. Bf5 a5 35. a4 Kf6 36. Bxg4 Ke5 37. Bc8 b6 38. Bb7 g4 39. f4+ gxf3 40.
Kf2 Bf8 41. Bxf3 Bh6 42. Ke2 Bc1 43. b3 f5 44. Kd3 c5 45. Bb7 Bh6 46. Ba8 Bc1
47. Bh1 Bh6 48. Bg2 Bc1 49. Bc6 Bh6 50. h4 Bc1 51. Ba8 Bh6 52. Bb7 Bc1 53. Bh1
Bh6 54. Bg2 Bc1 55. Bf3 Bh6 56. Bc6 Bc1 57. Be8 Bh6 58. h5 Kf6 59. Kc4 Bd2 60.
Kb5 Bxc3 61. Kxb6 Kg5 62. Kxc5 Be1 63. Kb5 1/2-1/2

[Event "GBR-ch73"]
[Site "Southampton"]
[Date "1986.08.04"]
[Round "7"]
[White "Findlay, Ian T"]
[Black "Crawley, Gavin"]
[Result "1-0"]
[WhiteElo "2375"]
[BlackElo "2345"]
[PlyCount "71"]
[EventDate "1986.07.28"]
[EventType "swiss"]
[EventRounds "11"]
[EventCountry "GBR"]
[SourceTitle "BritBase"]
[Source "John Saunders"]
[SourceDate "2020.09.07"]
[SourceVersion "1"]
[SourceVersionDate "2020.09.07"]
[SourceQuality "2"]

1. e4 e5 2. Nf3 Nc6 3. Bb5 a6 4. Ba4 Nf6 5. O-O Be7 6. Re1 b5 7. Bb3 O-O 8. c3
d5 9. exd5 Nxd5 10. Nxe5 Nxe5 11. Rxe5 Nf6 12. d4 Ng4 13. Re1 Qd6 14. g3 c5 15.
Bf4 Qd7 16. h3 g5 17. Qxg4 Qd8 18. Qe2 Ra7 19. Be5 c4 20. Bc2 f6 21. Bb8 Rb7
22. g4 f5 23. Be5 fxg4 24. hxg4 Bd6 25. Nd2 Re7 26. f3 h5 27. Qh2 Bxe5 28. Rxe5
Rxe5 29. dxe5 Qb6+ 30. Qf2 Qe6 31. Qe3 Rf4 32. Bf5 Qc6 33. e6 hxg4 34. e7 Kf7
35. e8=Q+ Qxe8 36. Bg6+ 1-0

[Event "GBR-ch73"]
[Site "Southampton"]
[Date "1986.08.04"]
[Round "7"]
[White "Giulian, Philip Maurice"]
[Black "Chin, Francis"]
[Result "1-0"]
[WhiteElo "2225"]
[BlackElo "2075"]
[PlyCount "91"]
[EventDate "1986.07.28"]
[EventType "swiss"]
[EventRounds "11"]
[EventCountry "GBR"]
[SourceTitle "BritBase"]
[Source "John Saunders"]
[SourceDate "2020.09.07"]
[SourceVersion "1"]
[SourceVersionDate "2020.09.07"]
[SourceQuality "2"]

1. d4 Nf6 2. c4 e6 3. Nc3 d5 4. Nf3 Nbd7 5. cxd5 exd5 6. Bf4 c6 7. e3 Be7 8.
Bd3 O-O 9. O-O Re8 10. h3 Nf8 11. Ne5 Ng6 12. Bg3 Bd6 13. f4 Qe7 14. a3 Bd7 15.
Qf3 Rad8 16. Rae1 Bc8 17. h4 Qc7 18. h5 Nf8 19. h6 Ng6 20. e4 dxe4 21. Nxe4
Nxe4 22. Bxe4 Qb6 23. Qf2 Bf8 24. Nf3 f5 25. Bb1 gxh6 26. Ba2+ Kg7 27. Kh1 Be7
28. Qc2 Bf6 29. Qc4 Rf8 30. Rd1 Rde8 31. Rfe1 Rxe1+ 32. Rxe1 Qxb2 33. Re2 Qb5
34. Qc2 Bd7 35. Ne5 Be8 36. a4 Qb6 37. d5 Qc7 38. Rd2 c5 39. d6 Qd8 40. d7 Bf7
41. Nxf7 Rxf7 42. Bxf7 Kxf7 43. Qxc5 Bh4 44. Qxf5+ Kg7 45. Qg4 h5 46. Bxh4 1-0

[Event "GBR-ch73"]
[Site "Southampton"]
[Date "1986.08.04"]
[Round "7"]
[White "Hennigan, Michael"]
[Black "Martin, Andrew D"]
[Result "1/2-1/2"]
[WhiteElo "2225"]
[BlackElo "2370"]
[PlyCount "147"]
[EventDate "1986.07.28"]
[EventType "swiss"]
[EventRounds "11"]
[EventCountry "GBR"]
[SourceTitle "BritBase"]
[Source "John Saunders"]
[SourceDate "2020.09.07"]
[SourceVersion "1"]
[SourceVersionDate "2020.09.07"]
[SourceQuality "2"]

1. e4 e6 2. d4 d5 3. Nd2 dxe4 4. Nxe4 Nd7 5. Nf3 Be7 6. Bd3 Ngf6 7. Nxf6+ Bxf6
8. O-O O-O 9. Bf4 b6 10. Be4 Ba6 11. Re1 Rc8 12. c3 Qe7 13. Qa4 Nb8 14. d5 Qd7
15. Qc2 g6 16. dxe6 fxe6 17. Rad1 Qg7 18. Ng5 Bxg5 19. Bxg5 Nd7 20. Qd2 Rf7 21.
Bc2 Re8 22. h4 Ne5 23. Qd4 Nc4 24. Qxg7+ Kxg7 25. b3 Nd6 26. g3 Bb7 27. Bf4 Nf5
28. Be4 Bxe4 29. Rxe4 h6 30. Re2 Rfe7 31. Be5+ Kf7 32. Red2 g5 33. hxg5 hxg5
34. Kg2 Kg6 35. c4 c5 36. Rd7 g4 37. Rxe7 Nxe7 38. Rd7 Nc6 39. Bc3 Re7 40. Rd6
Nb4 41. Bxb4 cxb4 42. Rc6 Kf6 43. c5 bxc5 44. Rxc5 Rb7 45. Ra5 e5 46. f3 gxf3+
47. Kxf3 Rd7 48. Ke4 Rd4+ 49. Ke3 Rg4 50. Kf3 Rg7 51. Ra4 Kf5 52. Rxb4 e4+ 53.
Kf2 Ke5 54. Ra4 Rf7+ 55. Ke3 Rf3+ 56. Kd2 Rxg3 57. Rxa7 Kd4 58. Rd7+ Ke5 59.
Kc2 Rg2+ 60. Rd2 Rg6 61. b4 Rc6+ 62. Kb3 e3 63. Re2 Kd4 64. Re1 Kd3 65. b5 Re6
66. a4 Kd2 67. Rh1 e2 68. a5 Rh6 69. Rg1 Rh3+ 70. Kb4 Rg3 71. Rh1 Rh3 72. Rg1
Rg3 73. Ra1 Rc3 74. Rh1 1/2-1/2

[Event "GBR-ch73"]
[Site "Southampton"]
[Date "1986.08.04"]
[Round "7"]
[White "King, Daniel J"]
[Black "Rossiter, Philip"]
[Result "1-0"]
[WhiteElo "2455"]
[BlackElo "2230"]
[PlyCount "119"]
[EventDate "1986.07.28"]
[EventType "swiss"]
[EventRounds "11"]
[EventCountry "GBR"]
[SourceTitle "BritBase"]
[Source "John Saunders"]
[SourceDate "2020.09.07"]
[SourceVersion "1"]
[SourceVersionDate "2020.09.07"]
[SourceQuality "2"]

1. e4 c5 2. Nf3 e6 3. c3 d5 4. exd5 exd5 5. d4 Nc6 6. Be3 cxd4 7. Bxd4 Bg4 8.
Be2 Nge7 9. Ne5 Bf5 10. Qa4 Qc7 11. Na3 f6 12. Nxc6 Nxc6 13. Nb5 Qf4 14. g3 Qb8
15. Bh5+ Bg6 16. Bxg6+ hxg6 17. Qc2 Kf7 18. Qb3 Qe8+ 19. Be3 Rh5 20. Nc7 Qe4
21. O-O-O Rb8 22. Rxd5 Rxd5 23. Rd1 g5 24. Nxd5 Qe6 25. f4 gxf4 26. Nxf4 Qxb3
27. axb3 g5 28. Nd5 Ke6 29. b4 b6 30. Kc2 Bd6 31. Nxf6 Rh8 32. Ne4 Rxh2+ 33.
Kb3 Be7 34. Bxg5 Re2 35. Bxe7 Kxe7 36. Nd6 Ke6 37. Nb5 Ke5 38. Nd4 Nxd4+ 39.
Rxd4 Ke6 40. Rd8 Rf2 41. g4 Rf7 42. Kc4 Ke7 43. Rd1 a6 44. Ra1 b5+ 45. Kd5 Rf6
46. g5 Rg6 47. Rg1 Rd6+ 48. Kc5 Rg6 49. Rg2 Kd7 50. Kd5 Ke7 51. Rg3 Rd6+ 52.
Kc5 Rg6 53. b3 Kd7 54. c4 Rc6+ 55. Kd5 Rd6+ 56. Ke5 Re6+ 57. Kf5 Ke7 58. g6
Rf6+ 59. Ke5 Rf8 60. g7 1-0

[Event "GBR-ch73"]
[Site "Southampton"]
[Date "1986.08.04"]
[Round "7"]
[White "Kosten, Anthony C"]
[Black "Lawton, Geoffrey W"]
[Result "0-1"]
[WhiteElo "2455"]
[BlackElo "2365"]
[PlyCount "88"]
[EventDate "1986.07.28"]
[EventType "swiss"]
[EventRounds "11"]
[EventCountry "GBR"]
[SourceTitle "BritBase"]
[Source "John Saunders"]
[SourceDate "2020.09.07"]
[SourceVersion "1"]
[SourceVersionDate "2020.09.07"]
[SourceQuality "2"]

1. e4 c5 2. Nf3 Nc6 3. d4 cxd4 4. Nxd4 Nf6 5. Nc3 e5 6. Ndb5 d6 7. Bg5 a6 8.
Na3 b5 9. Nd5 Be7 10. Bxf6 Bxf6 11. c3 Ne7 12. Nxf6+ gxf6 13. Bd3 d5 14. Qe2
Bb7 15. Rd1 Qb6 16. O-O O-O-O 17. Nc2 Kb8 18. Nb4 f5 19. Nxd5 Nxd5 20. exd5 e4
21. Bc2 Bxd5 22. Qe3 Qc7 23. Qg5 Qe5 24. Bb3 f6 25. Qe3 Bb7 26. Qb6 Qe7 27. a4
bxa4 28. Bxa4 f4 29. Rfe1 f5 30. c4 Qc7 31. Qf6 Rhf8 32. Rxd8+ Qxd8 33. Qc3 Qf6
34. Qd2 e3 35. fxe3 Rg8 36. Re2 f3 37. Rf2 fxg2 38. Qd4 Qe7 39. c5 Be4 40. Rd2
Qc7 41. Qb4+ Bb7 42. Rd6 Rg4 43. e4 Rxe4 44. Rd4 Qxc5 0-1